000 00434nam a2200193Ia 4500
005 20250425161729.0
008 250425s9999 xx 000 0 und d
041 _aspa
082 _a863.69866
100 _aCUESTA Y CUESTA, ALFONSO
245 0 _aLOS HIJOS
250 _a1A ED.
260 _aColombia
_bEL CONEJO
_c1986
260 _aS.L.
300 _a260
650 _aNOVELA ECUATORIANA
942 _c01
010 _a26831
999 _c214946
_d214946